CYO quiz - Statistics

General Stats
  • This quiz has been taken 7 times
  • The average score is 18 of 34
Answer Stats
Hint Answer % Correct
How many rings does Malzone have 0
100%
Best regular season coach worst playoff coach Alini
100%
Known for Cyo Three peat, considered the GOAT Hink
100%
What team was Saenzs iconic playoff run for Kurowski
100%
Rodger Goddell of Cyo Mahlmeister
100%
Most Christmas Day games played Malzone or Dulanto
100%
B2B MVP in controversial fashion Randz
100%
Last Cyo champion class of 24 Mehm
86%
Most Dunks in Cyo history Guarguilo
71%
Gym that Reece dropped 26 in and hit a game winner next year McKenna
71%
Combined for 6 points in a playoff game destroyingAlinis chip hopes Tosh, henry, Balzano
71%
Hinks "Robin" in his day Lamendola
57%
ROTY in 2024 Lavender/Derosa
57%
The Maria Regina goat Lella
57%
Who waved off Saenz with the game on the line Lerman
57%
Last place team from 2015-2022 before the franchise was abolished Rina
57%
Best Skyhook in league history Shatinski
57%
What did Od injure tragically ending his season Junior year Wrist
57%
First Year of Girls CYO 2024
43%
Fgs "batman" in the 5th grade season, one of the bestcinderella runs in cyo history Casillo
43%
All time leading scorer in the Class of 25 Harding
43%
Harringtons Cryptonite Rezza
43%
Fought Kopp in the 2nd grade playoffs after locking him up Romance
43%
Highest vertical in the league Tosh
43%
Who had his Jordan vs Utah moment in the 5th grade FinalsSame spot on the floor game winner D’Angelo
29%
best ref in the league Donny
29%
Turned the ball over with 3 seconds left in theCyo finals Fazio
29%
Ended Kopps career in the 6th grade playoffs Spero
29%
The pattented Alini defense in the 2016-2019 era 1-3-1
14%
Blocked Joe Arfaoui after being wrongly cut from Pequa Varsity Bogendorf
14%
Stepped in to coach his sons team to a ring in the 2024 finals Healy
14%
No one has ever seen him outside Cyo but is a mainstayOff of Team Mehms bench for years Jayden
14%
The Cyo Bronny Cormac Hale
0%
Most Points totaled by 2 brothers Dietrich
0%
No matching quizzes found
Score Distribution
Percent of People with Each Score
Percentile by Number Answered
Your Score History
You have not taken this quiz